Silkstone and another v Tatnall and another (Record no. 83501)
[ view plain ]
| 000 -LEADER | |
|---|---|
| fixed length control field | 01369cab a22002055a 4500 |
| 001 - CONTROL NUMBER | |
| control field | L154127 |
| 008 - FIXED-LENGTH DATA ELEMENTS--GENERAL INFORMATION | |
| fixed length control field | 111018e20111015xxk 000 0 eng d |
| 035 ## - SYSTEM CONTROL NUMBER | |
| System control number | (Sirsi) u154127 |
| 041 0# - LANGUAGE CODE | |
| Language code of text/sound track or separate title | eng |
| 245 00 - TITLE STATEMENT | |
| Title | Silkstone and another v Tatnall and another |
| 260 ## - PUBLICATION, DISTRIBUTION, ETC. | |
| Date of publication, distribution, etc. | 2011 |
| 490 ## - SERIES STATEMENT | |
| Series statement | Estates Gazette |
| Volume/sequential designation | (1141) 15 October 2011, 116-123(8) |
| 520 ## - SUMMARY, ETC. | |
| Summary, etc. | [2011] EWCA Civ 801; [2011] 41 EG 116, 14 July 2011. Concerns the lodging of a unilateral notice by S asserting a right of way on T's land. T applied to cancel the notice, and S objected. The matter was referred to an adjudicator. Shortly before the hearing date, S asked for permission to withdraw their case, due to difficulties in getting some evidence, and reserving the right to bring court proceedings on the matter in the future. The adjudicator proceeded with the hearing and found for T. S appealed against the decision. "Held": appeal dismissed. The relevant issue was the merits of the unilateral notice, and one party could not terminate the reference of the matter to an adjudicator to avoid a decision on the merits of the unilateral notice. |
| 590 ## - LOCAL NOTE (RLIN) | |
| Local note | KA |
| 650 24 - SUBJECT ADDED ENTRY--TOPICAL TERM | |
| Topical term or geographic name entry element | LAND REGISTRATION ACT 2002 |
| 650 24 - SUBJECT ADDED ENTRY--TOPICAL TERM | |
| Topical term or geographic name entry element | SILKSTONE V TATNALL |
| 651 #4 - SUBJECT ADDED ENTRY--GEOGRAPHIC NAME | |
| Geographic name | England and Wales |
| Chronological subdivision | 1543- |
| 690 ## - LOCAL SUBJECT ADDED ENTRY--TOPICAL TERM (OCLC, RLIN) | |
| Topical term or geographic name as entry element | PROPERTY-PROPERTY ACQUISITION AND DISPOSAL-REGISTRATION OF TITLE TO PROPERTY-LAND REGISTRATION |
| 942 ## - ADDED ENTRY ELEMENTS (KOHA) | |
| Suppress in OPAC | 0 |
| Withdrawn status | Lost status | Source of classification or shelving scheme | Damaged status | Not for loan | Home library | Current library | Shelving location | Date acquired | Total Checkouts | Full call number | Barcode | Date last seen | Copy number | Price effective from | Koha item type |
|---|---|---|---|---|---|---|---|---|---|---|---|---|---|---|---|
| Dewey Decimal Classification | London | London | Journal article | 18/10/2011 | L154127 | 154127-2001 | 06/08/2019 | 1 | 06/08/2019 | Journal article |